Introduction to difference equations : with illustrative examples from economics, psychology, and sociology /

Guardado en:
Autor Principal: Goldberg, Samuel.
Formato: Libro
Idioma:English
Publicado: New York : Wiley, c1958.
Etiquetas: Agregar Etiqueta
Sin Etiquetas, Sea el primero en etiquetar este registro!
LEADER 00499nam a22001455a 4500
001 MAT.inmabb000520
008 031117s1958####nyu###########001#0#eng#d
005 20170731120753.0
245 1 0 |a Introduction to difference equations :  |b with illustrative examples from economics, psychology, and sociology /  |c Samuel Goldberg. 
260 |a New York :  |b Wiley,  |c c1958. 
300 |a xii, 260 p. 
510 4 |a MR,  |c 20 #768 
100 1 |a Goldberg, Samuel. 
084 |a 90.00 (39.00)  |2 MR 
859 |h 90  |i G618  |p A-298  |b BIB. MATEMATICA